| 000 | 00734cam a2200241 a 4500 | ||
|---|---|---|---|
| 001 | 14806132 | ||
| 005 | 20180209032905.0 | ||
| 008 | 070412s2007 mnu 000 0 eng | ||
| 010 | _a 2007273631 | ||
| 020 | _a9780314169327 (alk. paper) | ||
| 020 | _a0314169326 (alk. paper) | ||
| 020 | _a9780314169310 (teacher's manual) | ||
| 040 |
_aDLC _cDLC _dDLC |
||
| 041 | _aeng | ||
| 043 | _an-us--- | ||
| 080 | _a34 LIN | ||
| 100 | 1 | _a14 | |
| 101 | _aJUR | ||
| 245 | 1 | 0 |
_aPayment systems : _cby Linda J. Rusch. |
| 906 |
_a7 _bcbc _corigcop _d2 _encip _f20 _gy-gencatlg |
||
| 942 |
_2ddc _cBK |
||
| 999 |
_c42205 _d42205 |
||